00850nam a2200241Ia 4500001000600000003000900006008004100015040001300056040001300069041001300082100001800095100002900113245007600142245004700218250001100265260001200276260002900288260004900317300005900366500013700425650001500562650003100577A8508IT-RoPAU130308s9999 xx 000 0 und d aIT-RoPAU cIT-RoPAU aITALIANO aNocent Adrien gCodice Aut. SPICS: 17359 aSacramento del matrimonio in occidente (Il)-Storia e teologia liturgica bCelebrazione del matrimonio Cristiano (La) a1a ed. aBOLOGNA bEDB - Edizioni Dehoniane c1977 [1° Ed.:1977 - Ed.Ling.Originale:1976] a"31 p. (prefazione: no ; testo: 31 [pagine: 117-147])" aBreve sintesi Storica del Sacramento del Matrimonio. Alcuni Problemi di Teologia Sacramentaria. Storia e Adattamento della Liturgia. aMATRIMONIO eCodice materia Spics: 9156